Antarctica / (Record no. 195324)

MARC details
000 -LEADER
fixed length control field 00563nam a22001937a 4500
005 - DATE AND TIME OF LATEST TRANSACTION
control field 20230317155935.0
010 ## - LCCN (DPL NO)
LC control number ENG-136412
020 ## - INTERNATIONAL STANDARD BOOK NUMBER
International Standard Book Number 9788181714404
Terms of availability 1360.00
035 ## - SYSTEM CONTROL NUMBER
System control number EN-119944
037 ## - SOURCE OF ACQUISITION
Source of stock number/acquisition DBAD/PUB
082 ## - DEWEY DECIMAL CLASSIFICATION NUMBER
Classification number 919.89
100 ## - MAIN ENTRY--PERSONAL NAME
Personal name Gantait, Viswa
245 ## - TITLE STATEMENT
Title Antarctica /
Statement of responsibility, etc By Viswa Gantait and K.Venkataraman
260 ## - PUBLICATION, DISTRIBUTION, ETC. (IMPRINT)
Place of publication, distribution, etc Kolkata
Name of publisher, distributor, etc Zoological Survey Of India
Date of publication, distribution, etc 2016
270 ## - ADDRESS
Address M Block, New Alipore
City Kolkata
Postal code 700053
300 ## - PHYSICAL DESCRIPTION
Extent 122p.;
Dimensions 24cm(hbk)
Other physical details ill
700 ## - ADDED ENTRY--PERSONAL NAME
Personal name Venkataraman,K
942 ## - ADDED ENTRY ELEMENTS (KOHA)
Source of classification or shelving scheme Dewey Decimal Classification
Item type English Books
Classification part 919.89
Call number suffix VIS
Holdings
Withdrawn status Lost status Not for loan Collection code Home library Current library Date acquired Source of acquisition Cost, normal purchase price Full call number Barcode Copy number Koha item type
      Non-fiction Katevara Katevara 17/03/2023 DBAD/PUB 1360.00 919.89 VIS EN-119944 2 English Books

© Delhi Public Library
Hit Counter
free hit counter